| 000 | 01193nam a2200325 c 4500 | ||
|---|---|---|---|
| 003 | BLK | ||
| 005 | 20180422103252.0 | ||
| 008 | 180408b bul|||||r ||||||| ||bul|| | ||
| 010 | _aKNG00076461000 | ||
| 020 |
_a978-954-585-793-5 _bиздат.: Бард |
||
| 040 | _aBLK | ||
| 041 |
_aBUL _cBUL |
||
| 080 |
_aАмериканска литература (на САЩ) _b821.111(73) _x-32 _z821.111(73)-32 |
||
| 100 | 1 |
_aШепард, Сам _eпърви автор _9295743 |
|
| 700 | 1 |
_aРафи, Елика _eпрев. _9365144 |
|
| 139 |
_aШепард, Сам _bШ 56 |
||
| 245 | 1 | 0 |
_aВеликият копнеж по рая _bРазкази _cСам Шепард; прев. Елика Рафи. |
| 257 | _aUSA | ||
| 260 |
_аСофия _bБард _c2007 |
||
| 300 |
_a192 с. _c20 см |
||
| 380 | _aX | ||
| 490 | 1 | _aБиблиотека Елит | |
| 500 | _aОриг. загл. Great Dream of Heaven / Sam Shepard. - Офс. изд. - Съдържа и биогр. сведения за авт. | ||
| 653 | _aразкази | ||
| 852 | _aЦб 234936 | ||
| 856 | 4 |
_qpdf _u |
|
| 856 | 4 |
_qpdf _u |
|
| 942 |
_cKNG _n0 |
||
| 944 |
_aCR _c24.07.2007 _kНаталия_Медовщикова |
||
| 944 |
_aED _c27.11.2008 _k |
||
| 999 |
_c72088 _d72088 |
||